Co říkají burzovní indexy.

S obchodovaním na kapitálovom trhu súvisí aj tvorba jeho ukazovateľov - indikátorov kapitálového trhu. Indikátory musia byť transparentné, musia odrážať stav na kapitálovom trhu a monitorovať dlhodobé trendy, musia byť predstaviteľom trhového portfolia a meradlom pre posudzovanie výnosu kapitálu. Ná...

Descrizione completa

Salvato in:
Dettagli Bibliografici
Autore principale: Žák, J.
Natura: Capitolo di libro
Lingua:ceco
Soggetti:
Tags: Aggiungi Tag
Nessun Tag, puoi essere il primo ad aggiungerne!!

MARC

LEADER 00000naa a2200000 4500
001 r007069
005 20220831090132.5
041 0 |a cze 
044 |a [CS] 
245 1 0 |a Co říkají burzovní indexy.  |c J. Žák 
520 |a S obchodovaním na kapitálovom trhu súvisí aj tvorba jeho ukazovateľov - indikátorov kapitálového trhu. Indikátory musia byť transparentné, musia odrážať stav na kapitálovom trhu a monitorovať dlhodobé trendy, musia byť predstaviteľom trhového portfolia a meradlom pre posudzovanie výnosu kapitálu. Náčrt možných prístupov konštrukcie indexov kapitálového trhu. 
610 2 0 |a trh kapitálový 
610 2 0 |a burzy 
610 2 0 |a indexy 
100 1 |a Žák, J.